Visualizzazione normale
Vista MARC
- Silvetti Paolo
di Personal Name
Records bibliografici associati: 1
001 - CONTROL NUMBER
- control field: 48768
003 - CONTROL NUMBER IDENTIFIER
- control field: IT-RoPau
005 - DATE AND TIME OF LATEST TRANSACTION
- control field: 20151201213837.0
008 - FIXED-LENGTH DATA ELEMENTS
- fixed length control field: 151201|| aca||aabn | a|a d
040 ## - CATALOGING SOURCE
- Original cataloging agency: IT-RoPau
- Transcribing agency: IT-RoPau
100 ## - HEADING--PERSONAL NAME
- Personal name: Silvetti Paolo
- Relator term: (musica)
- Miscellaneous information: Codice Musica SPICS: 39840
670 ## - SOURCE DATA FOUND
- Source citation: Work cat.: (IT-RoPau)106791: Rafaiani Serafino Codice regista SPICS: 39839 48764, GUSTO DELLA VITA (IL) GUSTO DELLA VITA (IL) (Rif. Codice opera principale : B9643)